00542 2200205 4500001002100000005001500021035002000036007000300056008004100059020001800100082001200118084001800130100002100148245005800169250001100227260003800238300002900276650001700305990001400322INLIS00000000000774120260427102244 a0010-0426000052ta260427 | | ind  a979-489-264-5 a636.514 a636.514 RAS b1 aRasyaf, Muhammad1 aBeternak Ayam Petelur Edisi Revisi /cMuhammad Rasyaf aCet.12 aJakarta :bPenebar Swadaya,c1999 a227 hlm :bilus ;c21 cm 4aAyam Petelur a3926/2023